Представление документа в формате RUSMARC

ПолеНазваниеЗначение
  Тип записи a
  Библиографический уровень m
001 Контрольный номер RU/УГОНБ/EK/77197
005 Дата корректировки 20260504164955.4
010 Индекс ISBN __
a ISBN 5-210-01496-7
d Цена 120 р.
9 Тираж 3000 экз.
b Уточнения в пер.
100 Данные общей обработки __
a Данные общей обработки 20010608d2000 u u0rusy0189 ca
101 Язык документа 0_
a Язык текста rus
105 Кодированные данные (монография) __
a Кодированные данные (монография) a z 001yy
200 Заглавие и сведения об ответственности 1_
a Заглавие Новый год и Рождество в открытках
f Первые сведения об ответственности Е. В. Иванов
g Последующие сведения об ответственности художник С. Игнатьева
210 Выходные данные 1_
a Место издания СПб.
c Издательство Искусство
d Дата издания 2000
215 Физическое описание __
a Объем 334 с.
c Иллюстрации/тип воспроизводства ил., фот.
d Формат 22 см
320 Библиография __
a Библиография Библиогр. в конце кн.
606 Тематические рубрики 0_
a Основная рубрика Открытки рождественские
x Основная подрубрика История
606 Тематические рубрики 0_
a Основная рубрика Обычаи и обряды русские
610 Ключевые слова 0_
a Ключевые слова открытки рождественские; обычаи русские; обряды русские
686 Индексы других классификаций __
a Классификационный индекс 63.52(2=Рус)-5
2 Код системы rubbk
686 Индексы других классификаций __
a Классификационный индекс 85.158.9
2 Код системы rubbk
686 Индексы других классификаций __
a Классификационный индекс 86.37-52
2 Код системы rubbk
700 Автор _1
a Фамилия Иванов
b Имя (инициалы) Е. В.
g Полное личное имя Евгений Васильевич
702 Вторичная интеллектуальная ответственность _1
a Фамилия Игнатьева
b Имя (инициалы) С.
4 Код отношения 440
801 Источник записи _0
a Страна RU
b Организация Ульяновская ОНБ
c Дата составления 20010608
g Правила каталогизации RCR
801 Источник записи _1
a Страна RU
b Организация Ульяновская ОНБ
c Дата составления 20010608
g Правила каталогизации RCR
901 Тип документа __
t Тип документа m
910 Корректоры записи __
a Корректор записи Седова
b Дата внесения изменения в запись 20260504